| 000 | 00522cab a2200205 4500 | ||
|---|---|---|---|
| 001 | ABS41601 | ||
| 008 | 090401t1989 xxu||||| |||| 00| 0 eng d | ||
| 035 | _a(Sirsi) u31118 | ||
| 041 | _aeng | ||
| 100 | _aChong, F. | ||
| 245 | _aDemand exceeds supply | ||
| 260 | _c1989 | ||
| 350 | _a0 | ||
| 490 |
_aWorld Property _vOctober 1989, 53-54(2) |
||
| 520 | _aInvestigates the shortage of office space in Thailand `s capital Bangkok . | ||
| 650 | _aMARKET | ||
| 690 | _aOVERSEAS | ||
| 942 | _n0 | ||
| 948 | _c04/03/1997 | ||
| 999 |
_c20907 _d20907 |
||